| 000 | 00431nam a2200157Ia 4500 | ||
|---|---|---|---|
| 003 | 0 | ||
| 005 | 20260122102422.0 | ||
| 008 | 180323s9999 xx 000 0 und d | ||
| 020 | _a131191705 | ||
| 100 | _aHeward, William L. | ||
| 245 |
_aExceptional child : _bAn introduction to special education |
||
| 250 | _a8th ed | ||
| 260 |
_aNew Jersey : _bPearson Merrill Prentice Hall _c2006 |
||
| 300 | _aiv, 632 pages | ||
| 942 |
_2lcc _cBK |
||
| 999 |
_c356344 _d356344 |
||